000 01255cam a2200241 4500
001 ##L135655
008 061122n2006 000 0 eng u
035 _a(Sirsi) u135655
041 0 _aeng
050 0 4 _a711.552 $2 18
110 2 _aFocus
_93296
245 0 0 _aRetail demand report
260 _aLondon
_bFocus
_c2006
490 0 _aFocus Retail Demand Report
_v(17)
505 1 _aRegional demand -- Demand by retailer -- In-town demand -- Out of town demand -- Prime shop demand from leading retailers -- Greater London requirements -- Regional shopping centre demand
520 _aLatest annual report reveals difficult trading conditions for UK retailers and market uncertainty in 2006, largely due to competition from internet sales. Leeds topped the in-town demand league for 2006, with high levels of new development activity. In Greater London, the City proved to be a viable alternative location for retailers, ranking just behind the West End.
590 _aKA
651 4 _aUnited Kingdom
_y
690 _aPROPERTY-COMMERCIAL PROPERTY-COMMERCIAL PROPERTY MARKET
690 _aPROPERTY-COMMERCIAL PROPERTY-RETAIL PROPERTY
856 4 0 _uhttps://www.focusnet.co.uk
_zView the item free of charge at www.focusnet.co.uk...
942 _n0
999 _c106131
_d106131